Enforcing Intellectual Property Rights

Saved in:  
Bibliographic Details
Authors: Lanjouw, Jean Olson 1962-2005 (Author) ; Schankerman, Mark (Author)
Format: Electronic Article
Language:English
Published: National Bureau of Economic Research 2001
In:Enthalten in: NBER Working Paper 8656
Online Access: Volltext (kostenfrei)
Volltext (lizenzpflichtig)
Volltext (lizenzpflichtig)
Check availability: HBZ Gateway

MARC

LEADER 00000caa a22000002c 4500
001 1912536250
003 DE-627
005 20250125055137.0
007 cr uuu---uuuuu
008 241217s2001 xx |||||o 00| ||eng c
024 7 |a 10.3386/w8656  |2 doi 
035 |a (DE-627)1912536250 
035 |a (DE-599)KXP1912536250 
040 |a DE-627  |b ger  |c DE-627  |e rda 
041 |a eng 
084 |a 2,1  |2 ssgn 
100 1 |a Lanjouw, Jean Olson  |d 1962-2005  |e VerfasserIn  |0 (DE-588)130406627  |0 (DE-627)501115765  |0 (DE-576)298176262  |4 aut 
109 |a Lanjouw, Jean Olson 1962-2005  |a Olson Lanjouw, Jean 1962-2005  |a Lanjouw, Jean O. 1962-2005 
245 1 0 |a Enforcing Intellectual Property Rights 
264 1 |b National Bureau of Economic Research  |c 2001 
336 |a Text  |b txt  |2 rdacontent 
337 |a Computermedien  |b c  |2 rdamedia 
338 |a Online-Ressource  |b cr  |2 rdacarrier 
700 1 |a Schankerman, Mark  |e VerfasserIn  |0 (DE-588)130406600  |0 (DE-627)501115749  |0 (DE-576)164545484  |4 aut 
773 0 8 |i Enthalten in  |t NBER Working Paper 8656 
787 0 8 |i Forschungsdaten  |a Federal Judicial Center  |t Federal Court Cases: Integrated Data Base, 1970-2000  |d [Erscheinungsort nicht ermittelbar] : [Verlag nicht ermittelbar], 1990  |w (DE-627)1840049715 
856 4 0 |u https://doi.org/10.3386/w8656  |x Resolving-System  |z kostenfrei  |3 Volltext  |7 0 
856 4 0 |u https://www.nber.org/papers/w8656  |x Verlag  |z lizenzpflichtig  |3 Volltext  |7 1 
856 4 0 |u https://www.nber.org/papers/w8656.pdf  |q application/pdf  |x Verlag  |z lizenzpflichtig  |3 Volltext  |7 1 
935 |a mkri 
951 |a AR 
ELC |a 1 
LOK |0 000 xxxxxcx a22 zn 4500 
LOK |0 001 463750175X 
LOK |0 003 DE-627 
LOK |0 004 1912536250 
LOK |0 005 20241217044414 
LOK |0 008 241217||||||||||||||||ger||||||| 
LOK |0 035   |a (DE-2619)ICPSR137182 
LOK |0 040   |a DE-2619  |c DE-627  |d DE-2619 
LOK |0 092   |o n 
LOK |0 852   |a DE-2619 
LOK |0 852 1  |9 00 
LOK |0 935   |a uvkn  |a nacp 
LOK |0 939   |a 17-12-24  |b l01 
OAS |a 1 
ORI |a SA-MARC-krimdoka001.raw